Intel Xeon Phi Coprocessor high-performance programming/ (Record no. 125181)
[ view plain ]
| 000 -LEADER | |
|---|---|
| fixed length control field | 00636cas a2200193 4500 |
| 008 - FIXED-LENGTH DATA ELEMENTS--GENERAL INFORMATION | |
| fixed length control field | 150401n eng u |
| 020 ## - INTERNATIONAL STANDARD BOOK NUMBER | |
| International Standard Book Number | 9780124104143 |
| 035 ## - SYSTEM CONTROL NUMBER | |
| System control number | (Sirsi) a189216 |
| 050 ## - LIBRARY OF CONGRESS CALL NUMBER | |
| Classification number | QA76.5 |
| -- | Jef 2013 |
| 100 ## - MAIN ENTRY--PERSONAL NAME | |
| Personal name | Jeffers, Jim |
| 245 ## - TITLE STATEMENT | |
| Title | Intel Xeon Phi Coprocessor high-performance programming/ |
| Statement of responsibility, etc. | Jim Jeffers, James Reinders. |
| 260 ## - PUBLICATION, DISTRIBUTION, ETC. | |
| Place of publication, distribution, etc. | Amsterdam: |
| Name of publisher, distributor, etc. | MK (Morgan Kaufmann), |
| Date of publication, distribution, etc. | 2013. |
| 300 ## - PHYSICAL DESCRIPTION | |
| Extent | xx, 409 p.: |
| Other physical details | ill. |
| 504 ## - BIBLIOGRAPHY, ETC. NOTE | |
| Bibliography, etc. note | Includes bibliographical references and index. |
| 650 ## - SUBJECT ADDED ENTRY--TOPICAL TERM | |
| Topical term or geographic name entry element | Coprocessors |
| 650 ## - SUBJECT ADDED ENTRY--TOPICAL TERM | |
| Topical term or geographic name entry element | Computer programming |
| 650 ## - SUBJECT ADDED ENTRY--TOPICAL TERM | |
| Topical term or geographic name entry element | High Performance Computing |
| 700 ## - ADDED ENTRY--PERSONAL NAME | |
| Personal name | Reinders, James |
| Withdrawn status | Lost status | Source of classification or shelving scheme | Damaged status | Not for loan | Home library | Current library | Shelving location | Total Checkouts | Full call number | Barcode | Date last seen | Copy number | Price effective from | Koha item type |
|---|---|---|---|---|---|---|---|---|---|---|---|---|---|---|
| Library of Congress Classification | Main Library | Main Library | On Shelf | QA 76.5 JEF 2013 | 33729005274613 | 08/22/2019 | 1 | 08/22/2019 | Book |